00953cam a22002655a 4500001000800000005001700008008004100025020001600066040003300082043001200115082001900127100002500146245006100171260005600232300002600288504005100314650004400365650004900409650004700458651003600505653002200541942000800563999001700571952009900588193483520180122105028.0861205s1977 ua frb 001 0 eng d a97774241754 aDLCcDLCdDLCdEG-ScBUEbeng af-ua---04a306.3222bHOP1 aHopkins, Nicholas S.10aAgrarian transformation in Egypt /cNicholas S. Hopkins. aCairo :bAmerican University in Cairo Press,c1988. axvi, 215 p. ;c23 cm. aIncludes bibliographical references and index. 7aAgricultural innovationszEgypt.2BUEsh 7aAgriculturexEconomic aspectszEgypt.2BUEsh 7aAgriculturexSocial aspectszEgypt.2BUEsh 7aEgyptxRural conditions.2BUEsh bGGENcJanuary2018 2ddc c25986d25958 00102ddc4070aMAINbMAINc1STd2018-01-22l0o306.3 HOPp000047152r2025-07-15 00:00:00yBB